000 00740nam a22001937a 4500
999 _c370788
_d370788
008 201130b ||||| |||| 00| 0 eng d
040 _bger
_cDE-2950
_erda
_aDE-2950
041 _ager
245 _aAm Anger entstehen Sozialwohnungen.
_bImmobilien: Ein Berliner Investor schließt eine der letzten Baulücken in der Walter-Korsing-Straße. Jetzt wurde Richtfest gefeiert.
264 _c2021
653 _aFrankfurt (Oder)
653 _aWohnungsbau
653 _aWalter-Korsing-Straße 24
773 _dFrankfurt (Oder): Märkisches Verlags- und Druckhaus GmbH & Co KG
_g32. Jahrgang (2021) Nr. 209 vom 08.09.2021, S. 15
_tMärkische Oderzeitung
942 _cA